<?xml version="1.0" encoding="UTF-8"?>
<collection xmlns="http://www.loc.gov/MARC21/slim">
 <record>
  <leader>01741cam a22003012  4500</leader>
  <controlfield tag="001">465262872</controlfield>
  <controlfield tag="003">DE-627</controlfield>
  <controlfield tag="005">20220623114328.0</controlfield>
  <controlfield tag="007">tu</controlfield>
  <controlfield tag="008">000101s1971    xx |||||      00| ||cat c</controlfield>
  <datafield tag="035" ind1=" " ind2=" ">
   <subfield code="a">(DE-627)465262872</subfield>
  </datafield>
  <datafield tag="035" ind1=" " ind2=" ">
   <subfield code="a">(DE-576)9465262870</subfield>
  </datafield>
  <datafield tag="035" ind1=" " ind2=" ">
   <subfield code="a">(DE-599)GBV465262872</subfield>
  </datafield>
  <datafield tag="035" ind1=" " ind2=" ">
   <subfield code="a">(OCoLC)253868244</subfield>
  </datafield>
  <datafield tag="040" ind1=" " ind2=" ">
   <subfield code="a">DE-627</subfield>
   <subfield code="b">ger</subfield>
   <subfield code="c">DE-627</subfield>
   <subfield code="e">rakwb</subfield>
  </datafield>
  <datafield tag="041" ind1=" " ind2=" ">
   <subfield code="a">cat</subfield>
  </datafield>
  <datafield tag="100" ind1="1" ind2=" ">
   <subfield code="a">Coll i Alentorn, Miquel</subfield>
   <subfield code="d">1904-1990</subfield>
   <subfield code="0">(DE-588)122140656</subfield>
   <subfield code="0">(DE-627)081760736</subfield>
   <subfield code="0">(DE-576)213978539</subfield>
   <subfield code="4">aut</subfield>
  </datafield>
  <datafield tag="245" ind1="1" ind2="4">
   <subfield code="a">Els successors de Vititza en la zona nord-est del domini visigòtic</subfield>
   <subfield code="b">discurs llegit el dia 24 d'octubre de 1971 en l'acte de recepció pública de Miquel Coll i Alentorn a la Reial Acadèmia de Bones Lletres de Barcelona i Contestació de l'acadèmic numerari Jordi Rubió i Balaguer</subfield>
   <subfield code="c">Miquel Coll i Alentorn</subfield>
  </datafield>
  <datafield tag="264" ind1=" " ind2="1">
   <subfield code="a">Barcelona</subfield>
   <subfield code="c">1971</subfield>
  </datafield>
  <datafield tag="300" ind1=" " ind2=" ">
   <subfield code="a">51 S</subfield>
  </datafield>
  <datafield tag="336" ind1=" " ind2=" ">
   <subfield code="a">Text</subfield>
   <subfield code="b">txt</subfield>
   <subfield code="2">rdacontent</subfield>
  </datafield>
  <datafield tag="337" ind1=" " ind2=" ">
   <subfield code="a">ohne Hilfsmittel zu benutzen</subfield>
   <subfield code="b">n</subfield>
   <subfield code="2">rdamedia</subfield>
  </datafield>
  <datafield tag="338" ind1=" " ind2=" ">
   <subfield code="a">Band</subfield>
   <subfield code="b">nc</subfield>
   <subfield code="2">rdacarrier</subfield>
  </datafield>
  <datafield tag="787" ind1="0" ind2="8">
   <subfield code="i">Rezension</subfield>
   <subfield code="a">Barral i Altet, Xavier, 1947 - </subfield>
   <subfield code="t">[Rezension von: Coll Alentorn, Miquel, Els successors de Vititza en la zona nord-est del domini visigòtic, discurs llegit el dia 24 d'octubre de 1971 en l'acte de recepció pública de Miquel Coll i Alentorn a la Reial Acadèmia de Bones Lletres de Barcelona i Contestació de l'acadèmic numerari Jordi Rubió i Balaguer...]</subfield>
   <subfield code="d">1974</subfield>
   <subfield code="w">(DE-627)641048696</subfield>
  </datafield>
  <datafield tag="787" ind1="0" ind2="8">
   <subfield code="i">Rezensiert in</subfield>
   <subfield code="a">Barral i Altet, Xavier, 1947 - </subfield>
   <subfield code="t">[Rezension von: Miquel Coll i Alentorn, Els successors de Vititza en la zona Nord-Est del domini visigòtic]</subfield>
   <subfield code="d">München : Artemis Verlag, 1975</subfield>
   <subfield code="w">(DE-627)1666673668</subfield>
  </datafield>
  <datafield tag="951" ind1=" " ind2=" ">
   <subfield code="a">BO</subfield>
  </datafield>
  <datafield tag="991" ind1=" " ind2=" ">
   <subfield code="a">Rezensiertes Werk</subfield>
  </datafield>
  <datafield tag="999" ind1=" " ind2=" ">
   <subfield code="a">KXP-PPN465262872</subfield>
   <subfield code="e">4662001099</subfield>
  </datafield>
 </record>
</collection>
